Pozicija stran Vyšegradskoj gruppy vo vnešnej torgovle Slovakii
Saved in:
| Main Author: | |
|---|---|
| Other Authors: | |
| Format: | Book Chapter |
| Language: | Russian |
| Subjects: | |
| Tags: |
No Tags, Be the first to tag this record!
|
MARC
| LEADER | 00000naa$a2200000$$$4500 | ||
|---|---|---|---|
| 001 | 0269986 | ||
| 005 | 20240502083809.4 | ||
| 041 | 0 | |a rus | |
| 044 | |a KZ | ||
| 245 | 1 | 0 | |a Pozicija stran Vyšegradskoj gruppy vo vnešnej torgovle Slovakii |c Elena Kašťáková, Zuzana Kittová |
| 610 | 2 | 0 | |a obchod medzinárodný |
| 610 | 2 | 0 | |a Vyšehradská štvorka |
| 610 | 2 | 0 | |a Slovensko |
| 610 | 2 | 0 | |a globalizácia hospodárstva |
| 610 | 2 | 0 | |a rast hospodársky |
| 100 | 1 | |a Kašťáková, Elena, 1974- | |
| 700 | 1 | |a Kittová, Zuzana, 1975- | |